Five Biggest Countries by Ocean - Statistics

General Stats
  • This quiz has been taken 2,238 times
    2,177 since last reset
  • The average score is 14 of 16
Answer Stats
Ocean Country % Correct
Atlantic, Arctic, Pacific Canada
99%
Atlantic, Arctic, Pacific Russia
99%
Atlantic, Arctic, Pacific United States
99%
Indian India
98%
Indian, Southern Australia
97%
Atlantic Brazil
95%
Pacific China
94%
Atlantic, Pacific, Southern Argentina
93%
Indian, Southern Indonesia
92%
Arctic Norway
91%
Southern Chile
88%
Southern New Zealand
88%
Southern South Africa
88%
Arctic Iceland
80%
Indian Saudi Arabia
72%
Indian Sudan
34%
No matching quizzes found
Score Distribution
Percent of People with Each Score
Percentile by Number Answered
Your Score History
You have not taken this quiz since the last reset